Light in august

Novela gótica sureña, gira en torno a dos historias, la primera cuya protagonista principal es Lena Grove, quien persigue al hombre que la dejó embarazada y abandonada. El segundo relato narra la historia de Joe Christmas un hombre con raíces afrodescendientes, que también desciende de personas con...

Täydet tiedot

Tallennettuna:
Bibliografiset tiedot
Päätekijä: Faulkner, William
Aineistotyyppi: Kirja
Kieli:Undetermined
Julkaistu: Gran Bretaña Penguin Books 1974
Aiheet:
Tagit: Lisää tagi
Ei tageja, Lisää ensimmäinen tagi!

MARC

LEADER 00000nam a2200000Ia 4500
008 170316s9999 xx 000 0 und d
040 |a cru BVZT 
090 |a 810 F-6L 
100 |a Faulkner, William  |9 558 
245 |a Light in august  |c / William Faulkner 
260 |a Gran Bretaña 
260 |b Penguin Books 
260 |c 1974 
300 |a 380 páginas 
520 |a Novela gótica sureña, gira en torno a dos historias, la primera cuya protagonista principal es Lena Grove, quien persigue al hombre que la dejó embarazada y abandonada. El segundo relato narra la historia de Joe Christmas un hombre con raíces afrodescendientes, que también desciende de personas con tez blanca, emprende una travesía que hará que se vea entre la espada y la pared con situaciones demasiado críticas. La obra escrita en 1932 por William Faulkner, se ha convertido en uno de los escritos más famosos e importantes de su época. 
650 |a LITERATURA ESTADOUNIDENSE  |9 25 
650 |a NOVELA  |9 13 
999 |c 5641  |d 5641 
942 |c 15 D  |h 810 F-6L  |2 z